Loading...
| Philosophy | 0 | 7 | 2 | 0 | 60 | 22 | 68.71 | 6 | 7 | 0.00 | 0.00 |
| Social Science | 0 | 5 | 0 | 1 | 50 | 57 | 84.00 | 4 | 5 | 0.00 | 0.00 |
| Literature - American | 0 | 4 | 0 | 1 | 40 | 83 | 104.50 | 1 | 4 | 0.00 | 0.00 |
| Literature - British | 0 | 4 | 0 | 0 | 40 | 39 | 73.75 | 2 | 4 | 0.00 | 0.00 |
| Literature - European | 0 | 3 | 1 | 0 | 25 | 44 | 81.67 | 2 | 3 | 0.00 | 0.00 |
| History - European | 0 | 1 | 0 | 0 | 10 | 133 | 133.00 | 0 | 0 | 0.00 | 0.00 |
| Fine Arts - Painting and Sculpture | 0 | 1 | 0 | 0 | 10 | 96 | 96.00 | 0 | 1 | 0.00 | 0.00 |
| Science - Physics | 0 | 1 | 0 | 0 | 10 | 118 | 118.00 | 0 | 0 | 0.00 | 0.00 |
| Mythology | 0 | 1 | 1 | 0 | 5 | 95 | 95.00 | 0 | 1 | 0.00 | 0.00 |
| Fine Arts - Classical Music | 0 | 1 | 1 | 0 | 5 | 77 | 77.00 | 1 | 1 | 0.00 | 0.00 |
| History - American | 0 | 1 | 1 | 0 | 5 | 105 | 105.00 | 0 | 1 | 0.00 | 0.00 |
| Literature - World | 0 | 1 | 3 | 0 | -5 | 137 | 137.00 | 0 | 0 | 0.00 | 0.00 |